| 000 | 00445nam a22001697a 4500 | ||
|---|---|---|---|
| 005 | 20240221073502.0 | ||
| 008 | 240221b |||||||| |||| 00| 0 eng d | ||
| 082 |
_222 _a320.56. _bCOM. |
||
| 100 | _aRussell, jane. | ||
| 245 |
_aCommunal politics : _bUnder the Donoughmore Constitution / |
||
| 250 | _a1st. | ||
| 260 |
_aDehiwala : _bTisera press / _c1982 |
||
| 300 | _axx, 358 p., | ||
| 650 | _apolitics. | ||
| 650 | _aSociological. | ||
| 942 | _cL | ||
| 999 |
_c463 _d463 |
||